Fill in the Blank K-pop (Nmixx Ver.) - Statistics

General Stats
  • This quiz has been taken 39 times
  • The average score is 5 of 10
Answer Stats
Hint Answer % Correct
NMIXX, ____ __ (let's go) change up
88%
Ride or ___, let me take you there die
85%
Check out, _____ and Zero Coke popcorn
85%
We're _____, cuz we're not alone alive
68%
It's so ____, you just gotta easy
50%
You can call me _______ (zig-zag) reckless
44%
Ooh, ___ it (eh-eh), you let me twist it ____ this, Ooh, ____ it (get loud) like
32%
Turn it, turn it up, ____, can you hear that right now? bang
29%
Baby, tell me every, ____, _____, _____, _____, ______ wish
26%
Can you feel the _____? tension
21%
No matching quizzes found
Score Distribution
Percent of People with Each Score
Percentile by Number Answered
Your Score History
You have not taken this quiz